| 000 | 00424 a2200145 4500 | ||
|---|---|---|---|
| 999 |
_c8347 _d8347 |
||
| 020 | _a9788178804811 | ||
| 050 | _aPN 4775 SHU 2010 | ||
| 100 |
_aShukla, A.S _eauthor |
||
| 245 |
_aJournalism today: _bconcepts and practices/ _cA. S. Shukla |
||
| 264 |
_aNew Delhi: _bRajat Publications, _c2010 |
||
| 300 | _a283p.: | ||
| 500 | _aIncludes index | ||
| 650 |
_aJournalism _xcontemporary journalism |
||
| 942 |
_2lcc _cBK _h4775 _iSHU _kPN |
||